000
00272nam a22001097a 4500
082
_a
070/CHO
100
_a
Choudhary,S.K.
_9
81401
245
_a
Role of Media in Women Empowerment
260
_a
Delhi
_b
Rupa Publication
_c
2017
650
_a
Journallism
_9
81402
942
_c
BK
999
_c
65401
_d
65401